Bhāṣāśāstr̲aṃ. (Record no. 74978)

MARC details
000 -LEADER
fixed length control field 00613cam a22002411 4500
001 - CONTROL NUMBER
control field sa 67005116
003 - CONTROL NUMBER IDENTIFIER
control field DLC
005 - DATE AND TIME OF LATEST TRANSACTION
control field 20260227112354.0
008 - FIXED-LENGTH DATA ELEMENTS--GENERAL INFORMATION
fixed length control field 900103s1964 ii b 000 0 malo
010 ## - LIBRARY OF CONGRESS CONTROL NUMBER
LC control number sa 67005116
035 ## - SYSTEM CONTROL NUMBER
System control number (OCoLC)20842797
040 ## - CATALOGING SOURCE
Original cataloging agency DLC
Transcribing agency WaU
Modifying agency DLC
042 ## - AUTHENTICATION CODE
Authentication code premarc
050 00 - LIBRARY OF CONGRESS CALL NUMBER
Classification number P121
Item number .S49 1964
100 1# - MAIN ENTRY--PERSONAL NAME
Personal name Sebastian, Edamarth V.
245 10 - TITLE STATEMENT
Title Bhāṣāśāstr̲aṃ.
260 ## - PUBLICATION, DISTRIBUTION, ETC.
Date of publication, distribution, etc. [1964]
300 ## - PHYSICAL DESCRIPTION
Extent 147, [1] p.
Dimensions 18 cm.
500 ## - GENERAL NOTE
General note In Malayalam.
500 ## - GENERAL NOTE
General note First published in 1922.
504 ## - BIBLIOGRAPHY, ETC. NOTE
Bibliography, etc. note Bibliography: p. [148]
650 #0 - SUBJECT ADDED ENTRY--TOPICAL TERM
Topical term or geographic name entry element Language and languages.

No items available.

Powered by Koha